El valor humano y cristiano del deporte según el Magisterio Pontificio: de Pío XII a Juan Pablo II
Bewaard in:
| Hoofdauteur: | |
|---|---|
| Formaat: | Boek |
| Taal: | Spaans |
| Gepubliceerd in: |
Roma
Pontificium Athenaeum Sanctae Crucis
1997
|
| Editie: | 1a. ed |
| Onderwerpen: | |
| Tags: |
Voeg label toe
Geen labels, Wees de eerste die dit record labelt!
|
MARC
| LEADER | 00000cam a2200000 a 4500 | ||
|---|---|---|---|
| 001 | UCD5414 | ||
| 003 | CL-VaPUC | ||
| 008 | 160908e19970000it |||||||||||||||||spa|d | ||
| 082 | 0 | 4 | |a 796.01 |b DUQ |2 21 |
| 100 | 0 | |a Duque Salas, Luis Alberto |e author |9 589159 | |
| 245 | 1 | 3 | |a El valor humano y cristiano del deporte según el Magisterio Pontificio: de Pío XII a Juan Pablo II |
| 250 | |a 1a. ed | ||
| 300 | |a 329 p | ||
| 942 | |c BK | ||
| 945 | |d 20160908 17:07:00 |a dcastane | ||
| 260 | |a Roma |b Pontificium Athenaeum Sanctae Crucis |c 1997 | ||
| 650 | 7 | |a FILOSOFIA DEL DEPORTE |2 CL-VaPUC |9 311725 | |
| 650 | 7 | |a PSICOLOGIA DEL DEPORTE |2 CL-VaPUC |9 307386 | |
| 650 | 0 | |a Motivación |9 315362 | |
| 650 | 7 | |a IGLESIA Y EDUCACION |2 CL-VaPUC |9 307850 | |
| 650 | 0 | |a Actividad física |9 362156 | |
| 583 | |a last modification |c 20160908 17:07:00 |k Rodrigo Vera | ||
| 999 | |c 366076 |d 366074 | ||
| 952 | |0 0 |1 0 |3 erb |4 0 |6 796_010000000000000_DUQ_1997 |7 0 |8 A |9 480104 |a BIBEDU |b BIBEDU |i 5340187 |o 796.01 DUQ 1997 |p 5340187 |r 2019-11-24 |w 2019-11-24 |y BK |z Catalogado en:20160908 |k FIL | ||